| 000 | 01121nam a2200445 a 4500 | ||
|---|---|---|---|
| 003 | AR-BaBNM | ||
| 005 | 20251128204533.0 | ||
| 008 | 082120s2002 ||||||||||||||000 | spa|| | ||
| 020 | _a950-518-008-X | ||
| 040 | _cAR-BaBNM | ||
| 100 | 1 | _aRex, John | |
| 245 | 0 | 0 | _aProblemas fundamentales de la teoría sociológica |
| 260 |
_aBuenos Aires _bAmorrortu _c1985 |
||
| 300 | _a231 p. | ||
| 490 | 0 | _aBiblioteca de sociología | |
| 600 | 1 | 4 | _aMannheim, Karl |
| 600 | 1 | 4 | _aMyrdal, Gunnar |
| 600 | 1 | 4 | _aWarner, Lloyd |
| 600 | 1 | 4 | _aParsons, Talcott |
| 600 | 1 | 4 |
_aWeber, Max _d1864-1920 |
| 650 | 4 | _aTEORIA | |
| 650 | 4 | _aCIENCIA | |
| 650 | 4 | _aCULTURA | |
| 650 | 4 | _aEMPIRISMO | |
| 650 | 4 | _aSISTEMAS SOCIALES | |
| 650 | 4 | _aFUNCIONALISMO | |
| 650 | 4 | _aMODELOS | |
| 650 | 4 | _aESTRUCTURAS | |
| 650 | 4 | _aACCION SOCIAL | |
| 650 | 4 | _aINTERACCION SOCIAL | |
| 650 | 4 | _aPOSITIVISMO | |
| 650 | 4 | _aIDEALISMO | |
| 650 | 4 | _aCONFLICTO SOCIAL | |
| 650 | 4 | _aCAMBIO SOCIAL | |
| 650 | 4 | _aSISTEMAS SOCIALES | |
| 650 | 4 | _aCLASES SOCIALES | |
| 800 | 1 |
_aRigal, Luis A. _edirector |
|
| 942 | _cBK | ||
| 998 | _cMarce | ||
| 999 |
_c7828 _d7828 |
||